| 000 | 00702nam a2200217 i 4500 | ||
|---|---|---|---|
| 001 | 39888 | ||
| 003 | ES-MaACL | ||
| 005 | 20250809012710.0 | ||
| 007 | t| | ||
| 008 | 030304s1969 sp e 00110 spa d | ||
| 080 | _a337.026.6:62/69.002.6(03) | ||
| 100 | 1 |
_aCañas Carballido, Miguel. _934740 |
|
| 245 | 1 | 0 |
_aEnciclopedia tecnológica arancelaria / _cpor Miguel Cañas Carballido. |
| 260 |
_aMadrid : _b[s.n., _c1969] ( _fGráf. Oviedo) |
||
| 300 |
_a1 v. ; _c35 cm. |
||
| 505 | 8 | _aContiene: 1. Productos químicos orgánicos | |
| 650 | 7 |
_aAranceles de aduanas- _zEspaña _2 _9155364 |
|
| 740 | 0 | 2 | _aProductos químicos orgánicos. |
| 852 | 4 |
_aES-MaACL _jP-1429 |
|
| 999 |
_c39888 _d39888 |
||